Ellie Goulding, Diplo & Swae Lee - Close to Me - Statistics

General Stats
  • This quiz has been taken 23 times
  • The average score is 229 of 273
Answer Stats
Lyric % Correct
an
100%
And
100%
be
100%
Close
100%
close
100%
don't
100%
Don't
100%
I
100%
me
100%
to
100%
when
100%
When
100%
you,
100%
you
100%
You
100%
you)
100%
So
94%
somebody
94%
wanna
94%
we
94%
We
94%
we're
94%
We're
94%
where
94%
with
94%
your
94%
body
88%
body,
88%
both
88%
Even
88%
if
88%
it
88%
on
88%
out
88%
Out
88%
without
88%
'Cause
81%
everybody
81%
go
81%
I'm
81%
in
81%
in,
81%
know
81%
like
81%
like)
81%
the
81%
though
81%
animal,
75%
animal
75%
Animal
75%
(Animal,
75%
(Animal
75%
anybody
75%
Born
75%
down
75%
Keep
75%
my
75%
trouble
75%
want
75%
wild
75%
college
69%
didn't
69%
Iced
69%
jungle
69%
let
69%
not
69%
ones
69%
party
69%
start
69%
wasn't
69%
wouldn't
69%
b*tch
63%
burnin'
63%
can
63%
cut
63%
each
63%
fires
63%
had
63%
hate
63%
liars
63%
off,
63%
other's
63%
rubber
63%
she
63%
that
63%
they
63%
alright
56%
jump
56%
kicked
56%
Price
56%
too
56%
we'll
56%
being
50%
come
50%
comfort
50%
just
50%
say
50%
sorry,
50%
stubborn
50%
tag
50%
undercover
50%
everyone's
38%
everything's
38%
f*ck
38%
for
38%
make
38%
never
38%
then
38%
timeless
38%
watchin'
38%
(Yeah)
38%
am,
31%
known
19%
poppin',
19%
private
19%
Because
13%
No matching quizzes found
Score Distribution
Percent of People with Each Score
Percentile by Number Answered
Your Score History
You have not taken this quiz